| 000 | 00848nam a22002897a 4500 | ||
|---|---|---|---|
| 001 | 4701 | ||
| 003 | FISKH | ||
| 005 | 20240923104300.0 | ||
| 008 | 240923b cb ||||| |||| 00| 0 eng d | ||
| 020 | _a9780006925040 | ||
| 040 |
_aFISKH _beng _cFISKH _dFISKH |
||
| 050 | _aPZ7.K23 | ||
| 082 | _2823.9 | ||
| 100 |
_aKeene, Carolyn _d1929- |
||
| 245 |
_aThe clue in the old album / _cCarolyn Keene |
||
| 250 | _aFirst published in 1974 | ||
| 260 |
_aLondon : _bArmada, _c1974. |
||
| 300 |
_a157 pages : _c18cm |
||
| 505 | _aR | ||
| 520 | _aAt a doll collector's request for help, a young sleuth searches for an old album, a lost doll, and a missing gypsy violinist. | ||
| 521 | 8 |
_a710L
_bLexile |
|
| 521 | 8 |
_aR
_bRaz-Plus |
|
| 650 |
_2Mystery _aSeries |
||
| 650 |
_2Detective _aYoung adult |
||
| 942 |
_2ddc _cBK _n0 |
||
| 999 |
_c4701 _d4701 |
||